[Event "Hamburg-chA"]
[Site "Hamburg"]
[Date "2018.05.26"]
[Round "6"]
[White "Bloh, Fabian"]
[Black "Fuhrmann, Frederik"]
[Result "0-1"]
[WhiteElo "1626"]
[BlackElo "1550"]
[PlyCount "66"]
[EventDate "2018.05.19"]
[EventType "swiss"]
[EventRounds "7"]
[EventCountry "GER"]
[SourceTitle "EXT 2020"]
[Source "ChessBase"]
[SourceDate "2019.10.17"]
[SourceVersion "1"]
[SourceVersionDate "2019.10.17"]
[SourceQuality "1"]

1. e4 d6 2. d4 Nf6 3. Nc3 g6 4. f4 Bg7 5. Nf3 0-0 6. e5 dxe5 7. dxe5 Qxd1+ 8. Nxd1 Nd5 9. c4 Nb4 10. Ne3 c6 11. a3 N4a6 12. Bd3 Nc5 13. Bc2 Rd8 14. 0-0 Ne6 15. Rd1 Rxd1+ 16. Nxd1 Bh6 17. g3 Ng7 18. Ne3 Be6 19. Bd2 Nd7 20. Nd4 Nb6 21. Nxe6 Nxe6 22. Ng4 Nd4 23. Nxh6+ Kg7 24. Be4 Nb3 25. Rd1 Rd8 26. Nxf7 Kxf7 27. e6+ Kxe6 28. Re1 Nxd2 29. Bxc6+ Kf6 30. Bxb7 Ndxc4 31. b3 Nxa3 32. Ra1 Nb5 33. Ra5 Nd4 0-1

[Event "Hamburg-chA"]
[Site "Hamburg"]
[Date "2018.05.19"]
[Round "1"]
[White "Stepien, Tomasz"]
[Black "Bloh, Fabian"]
[Result "1/2-1/2"]
[WhiteElo "1578"]
[BlackElo "1626"]
[PlyCount "45"]
[EventDate "2018.05.19"]
[EventType "swiss"]
[EventRounds "7"]
[EventCountry "GER"]
[SourceTitle "EXT 2020"]
[Source "ChessBase"]
[SourceDate "2019.10.17"]
[SourceVersion "1"]
[SourceVersionDate "2019.10.17"]
[SourceQuality "1"]

1. d4 Nf6 2. c4 e6 3. Nc3 d5 4. Bg5 Be7 5. Nf3 Nbd7 6. e3 c6 7. Bd3 b6 8. cxd5 exd5 9. 0-0 0-0 10. Qc2 Bb7 11. Rfe1 h6 12. h4 Rc8 13. e4 dxe4 14. Nxe4 Nxe4 15. Bxe7 Qxe7 16. Bxe4 Qf6 17. Ne5 Nxe5 18. dxe5 Qe7 19. Rad1 c5 20. Bxb7 Qxb7 21. Rd6 Qe7 22. Qc4 Rfd8 23. Rxd8+ 1/2-1/2

[Event "Hamburg-chA"]
[Site "Hamburg"]
[Date "2017.06.11"]
[Round "7"]
[White "Hotze, Kurt"]
[Black "Bloh, Fabian"]
[Result "1/2-1/2"]
[WhiteElo "1729"]
[BlackElo "1295"]
[PlyCount "34"]
[EventDate "2017.06.03"]
[EventType "swiss"]
[EventRounds "7"]
[EventCountry "GER"]
[SourceTitle "CBM 179 Extra"]
[Source "ChessBase"]
[SourceDate "2017.08.23"]
[SourceVersion "1"]
[SourceVersionDate "2017.08.23"]
[SourceQuality "1"]

1. e4 c5 2. Nf3 d6 3. d4 cxd4 4. Nxd4 Nf6 5. Nc3 a6 6. Be3 Nbd7 7. f3 e6 8. Qd2 Be7 9. g4 Ne5 10. h3 Bd7 11. g5 Nh5 12. f4 Nc6 13. Rg1 g6 14. 0-0-0 b5 15. Nxc6 Bxc6 16. Be2 Ng7 17. a3 Qb8 1/2-1/2

[Event "Hamburg-chA"]
[Site "Hamburg"]
[Date "2017.06.10"]
[Round "6"]
[White "Bloh, Fabian"]
[Black "Hauser, Christow"]
[Result "0-1"]
[WhiteElo "1295"]
[BlackElo "1653"]
[PlyCount "104"]
[EventDate "2017.06.03"]
[EventType "swiss"]
[EventRounds "7"]
[EventCountry "GER"]
[SourceTitle "CBM 179 Extra"]
[Source "ChessBase"]
[SourceDate "2017.08.23"]
[SourceVersion "1"]
[SourceVersionDate "2017.08.23"]
[SourceQuality "1"]

1. e4 c5 2. Nf3 e6 3. d4 a6 4. c3 cxd4 5. cxd4 d6 6. Nc3 Nd7 7. Bf4 b6 8. Be2 Bb7 9. 0-0 h6 10. h3 Ngf6 11. e5 dxe5 12. dxe5 Nd5 13. Nxd5 Bxd5 14. a3 Be7 15. Rc1 b5 16. b4 Nb6 17. Re1 0-0 18. Nd4 Rc8 19. Rxc8 Qxc8 20. Qd3 Qd8 21. Qg3 Bg5 22. Bxg5 Qxg5 23. Qxg5 hxg5 24. Rc1 Nc4 25. Bxc4 bxc4 26. Rc3 Rc8 27. Nc2 f6 28. exf6 gxf6 29. Ne3 Kf7 30. f3 f5 31. Kf2 Ke7 32. Ke2 f4 33. Nc2 e5 34. Kf2 Be6 35. Ke2 Kd6 36. Kd2 Bf5 37. Kc1 Kd5 38. Kd2 Bxc2 39. Kxc2 Kd4 40. Kd2 Re8 41. Rc1 e4 42. fxe4 Rxe4 43. Rd1 Re3 44. Kc2+ Ke4 45. a4 Ra3 46. Re1+ Kf5 47. Re2 Ra2+ 48. Kd1 Rxa4 49. Rb2 c3 50. Rb3 Ra1+ 51. Kc2 Ra2+ 52. Kxc3 Rxg2 0-1